000 00784nam a2200193 i 4500
001 154266
003 ES-MaACL
005 20230906205606.0
008 940202s1886 sp |||| | spa d
040 _aCAM
_bspa
100 1 _aGascón, Santiago.
_955856
245 1 0 _aToros en Vallecas
_b: apropósito cómico lírico-taurino en un acto y dos cuadros /
_coriginal de Santiago Gascón y Julián García Parra ; música del maestro Hernández.
260 _aMadrid :
_bAdministración Lírico-Dramática,
_c1886.
300 _a24 p. ;
_c20 cm.
500 _aSolo la letra.
700 1 _aGarcía Parra, Julián.
_955079
700 1 1 _aHernandez, Isidro
_c, mús.
_9127889
852 _aES-MaACL
_jD-2525(5)
_z- Enc. hol., conservando la enc. editorial
_z. - Legado de M. de la Fuente
999 _c154266
_d154266